| 000 | 00606cam a22002294a 4500 | ||
|---|---|---|---|
| 003 | OSt | ||
| 005 | 20220812134023.0 | ||
| 008 | 220812b |||||||| |||| 00| 0 eng d | ||
| 020 | _a0789005689 | ||
| 040 | _cIFM Library | ||
| 082 | 0 | 0 | _a382 |
| 100 | 1 | _aSeyoum, Belay | |
| 245 | 1 | 0 | _aExport-Import Theory, Practices, and Procedures |
| 260 |
_aNew York: _bInternational Business Press, _c2000. |
||
| 300 |
_axiv, 485p.: _bill.; 21cm |
||
| 500 | _aIncludes Index | ||
| 650 | 0 | _aExports. | |
| 650 | 0 | _aImports. | |
| 650 | 0 | _aExport marketing. | |
| 650 | 0 | _aInternational trade. | |
| 942 |
_cBK _2ddc _n0 |
||
| 999 |
_c16928 _d16928 |
||